Đang tải...

Coconuts: production, processing, products

Chi tiết về thư mục
Tác giả chính: Woodroof, Jasper Guy
Định dạng: Printed Book
Ngôn ngữ:Undetermined
English
Được phát hành: Connecticut Avi Publishing company Inc 1970
Những chủ đề:
LEADER 00621nam a2200181Ia 4500
008 140306s9999 xx 000 0 und d
041 |a eng 
082 |a 631 .56  |b WOO/CO 
100 |a Woodroof, Jasper Guy 
245 |a Coconuts: production, processing, products 
260 |a Connecticut  |b Avi Publishing company Inc  |c 1970 
300 |a 241 
365 |b U.S.D.21 .00 
650 |a Harvesting 
650 |a post harvest technology 
942 |2 ddc  |c BK 
999 |c 107120  |d 107120 
952 |0 0  |1 0  |2 ddc  |4 0  |6 631__560000000000000_WOOCO  |7 0  |9 104254  |a KAUHCV  |b KAUHCV  |d 2004-03-18  |g 0.00  |o 631 .56 WOO/CO  |p KAU_HCV-14147  |r 2014-03-22  |w 2014-03-22  |y BK